| 000 | 00565nam a22001817a 4500 | ||
|---|---|---|---|
| 003 | OSt | ||
| 005 | 20251211072213.0 | ||
| 008 | 251211b |||||||| |||| 00| 0 eng d | ||
| 020 | _a9710503502 | ||
| 040 |
_aDWCL - Main _cOC |
||
| 082 | _aSC 030 P552 2004 | ||
| 110 |
_aFookien Times _eCorporate Author |
||
| 245 |
_aThe Philippines yearbook 2005 : _bdefenders of our heritage / _cFookien Times |
||
| 260 |
_aPhilippines: _bFookien Times Pub., _cc2004 |
||
| 300 |
_a245 p: _bill. (chiefly col.); _c30 cm. |
||
| 650 | _a1. Philippine yearbook. | ||
| 942 |
_2ddc _cSC _n0 |
||
| 999 |
_c7044 _d7044 |
||